Подробности
| 000 -МАРКЕР |
| контрольное поле |
01362nam2a22002651 4500 |
| 001 - ИДЕНТИФИКАТОР ЗАПИСИ |
| контрольное поле |
rc\3332819 |
| 005 - ИДЕНТИФИКАТОР ВЕРСИИ |
| контрольное поле |
20250609213602.0 |
| 021 ## - НОМЕР ГОСУДАРСТВЕННОЙ РЕГИСТРАЦИИ |
| Код страны |
Российская Федерация |
| Номер |
[72-34794] |
| 035 ## - ДРУГИЕ СИСТЕМНЫЕ НОМЕРА |
| Идентификатор записи |
(NLR Aleph) 007513798 |
| 100 ## - ДАННЫЕ ОБЩЕЙ ОБРАБОТКИ |
| Данные общей обработки |
20130115d1972 |||y0rusy50 ca |
| 101 0# - ЯЗЫК РЕСУРСА |
| Язык текста, звукозаписи и т.д. |
русский |
| 102 ## - СТРАНА ПУБЛИКАЦИИ ИЛИ ПРОИЗВОДСТВА |
| Страна публикации |
Российская Федерация |
| 105 ## - ПОЛЕ КОДИРОВАННЫХ ДАННЫХ: ТЕКСТОВЫЕ МАТЕРИАЛЫ, МОНОГРАФИЧЕСКИЕ |
| Кодированные данные о монографическом текстовом документе |
a z ||||| |
| 200 1# - ЗАГЛАВИЕ И СВЕДЕНИЯ ОБ ОТВЕТСТВЕННОСТИ |
| Основное заглавие |
Тепло- и массоперенос в реологических системах |
| Сведения, относящиеся к заглавию |
[Докл. совещ.] |
| Первые сведения об ответственности |
[Ред. коллегия: д-р физ.-мат. наук, проф. Г.И. Баренблатт и др.] |
| 210 ## - ПУБЛИКАЦИЯ, РАСПРОСТРАНЕНИЕ И ДР. |
| Дата издания, распространения и т.д. |
1972 |
| Место издания, распространения и т.д. |
Б. м. |
| 215 ## - ФИЗИЧЕСКАЯ ХАРАКТЕРИСТИКА |
| Специфическое обозначение материала и объем |
454 с. |
| Другие сведения о физической характеристике |
черт. |
| 320 ## - ПРИМЕЧАНИЯ О НАЛИЧИИ В ДОКУМЕНТЕ БИБЛИОГРАФИИ / УКАЗАТЕЛЯ |
| Текст примечания |
Списки лит. в конце докл. |
| 461 #0 - УРОВЕНЬ НАБОРА |
| Встроенное поле |
001rc\3332813 |
| -- |
2001#$aТепло- и массоперенос$f[Ред. коллегия: д-р физ.-мат. наук И.П. Гинзбург и др.]$gИн-т тепло- и массообмена АН БССР. Т. 1-$vТ. 3 |
| Системный номер (АБИС) связанной записи |
7703897 |
| Место публикации |
Минск |
| Дата публикации |
1972- |
| Первые сведения об ответственности |
[Ред. коллегия: д-р физ.-мат. наук И.П. Гинзбург и др.] |
| Имя издателя, распространителя и т.д. |
Б. и. |
| Заглавие |
Тепло- и массоперенос |
| Номер тома |
Т. 3 |
| 702 #1 - ИМЯ ЛИЦА - ВТОРИЧНАЯ ОТВЕТСТВЕННОСТЬ |
| Код отношения |
Редактор |
| Графика поля |
Кириллица |
| Материалы, к которым относится поле |
rus |
| Начальный элемент ввода |
Баренблатт |
| Часть имени, кроме начального элемента ввода |
Г. И. |
| Даты |
1927- |
| Расширение инициалов личного имени |
Григорий Исаакович |
| Системный номер авторитетной/нормативной записи |
182384 |
| Идентификатор авторитетной/нормативной записи |
RU\NLR\AUTH\770182435 |
| 801 #0 - ИСТОЧНИК ЗАПИСИ |
| Страна |
Российская Федерация |
| Организация |
NLR |
| Правила каталогизации |
psbo |
| 801 #1 - ИСТОЧНИК ЗАПИСИ |
| Страна |
Российская Федерация |
| Организация |
ELAR |
| Источник данных |
rusmarc |
| 852 ## - МЕСТОНАХОЖДЕНИЕ И ШИФР ХРАНЕНИЯ |
| Идентификатор организации |
NLR |
| Шифр хранения (Call Number) |
72-3/2878 |
| 942 ## - ДОПОЛНИТЕЛЬНЫЕ ЭЛЕМЕНТЫ ЗАПИСИ (АБИС) |
| Тип экземпляра АБИС |
Книга |
| 980 ## - КОЛЛЕКЦИЯ |
| Название коллекции |
Национальная библиография |